Labor mobility and economic opportunity / (Record no. 58708)
[ view plain ]
| 000 -LEADER | |
|---|---|
| fixed length control field | 00753nam a2200217 a 4500 |
| 001 - CONTROL NUMBER | |
| control field | 58708 |
| 003 - CONTROL NUMBER IDENTIFIER | |
| rucl marc code | BD-RjUL |
| 005 - DATE AND TIME OF LATEST TRANSACTION | |
| control field | 20211209080641.0 |
| 008 - FIXED-LENGTH DATA ELEMENTS--GENERAL INFORMATION | |
| fixed length control field | 161219s1954 mau 0 eng d |
| 035 ## - SYSTEM CONTROL NUMBER | |
| System control number | (BD-RjUL)58832 |
| System control number | 841779 |
| 040 ## - CATALOGING SOURCE | |
| Original cataloging agency | NUN |
| Language of cataloging | eng |
| Transcribing agency | NUN |
| Modifying agency | NUN |
| 041 ## - LANGUAGE CODE | |
| Language code of text/sound track or separate title | eng |
| 082 04 - DEWEY DECIMAL CLASSIFICATION NUMBER | |
| Classification number | 331.120973 |
| Edition number | 23 |
| Author mark and year | BAL 1954 |
| 100 1# - MAIN ENTRY--PERSONAL NAME | |
| Personal name | Bakke, Edward Wight. |
| 9 (RLIN) | 174501 |
| 245 10 - TITLE STATEMENT | |
| Title | Labor mobility and economic opportunity / |
| Statement of responsibility, etc. | essays by E.W.Bakke and others. Sponsored by the Committee on Labor Market Research of the Social Science Research Council. |
| 260 ## - PUBLICATION, DISTRIBUTION, ETC. (IMPRINT) | |
| Place of publication, distribution, etc. | Camb., Mass. : |
| Name of publisher, distributor, etc. | Technology Press of M.I.T., |
| Date of publication, distribution, etc. | 1954 ; |
| Place of publication, distribution, etc. | N.Y. : |
| Name of publisher, distributor, etc. | Wiley. |
| 300 ## - PHYSICAL DESCRIPTION | |
| Pagination | 118 p. ; |
| Size | 23 cm. |
| 650 #0 - SUBJECT ADDED ENTRY--TOPICAL TERM | |
| Topical term or geographic name as entry element | Labor mobility |
| Geographic subdivision | United States. |
| 9 (RLIN) | 174502 |
| 942 ## - ADDED ENTRY ELEMENTS (KOHA) | |
| Source of classification or shelving scheme | Dewey Decimal Classification |
| Koha item type | Books |
| Lost status | Source of classification or shelving scheme | Damaged status | Not for loan | Collection code | Permanent Location | Current Location | Shelving location | Date acquired | Source of acquisition | Cost, normal purchase price | Total Checkouts | Full call number | Date last seen | Copy number | Koha item type |
|---|---|---|---|---|---|---|---|---|---|---|---|---|---|---|---|
| Dewey Decimal Classification | Not For Loan | Non-fiction | Central Library, University of Rajshahi | Central Library, University of Rajshahi | Reading Room | 03/12/1957 | Pakistani law house | 17.80 | 331.120973 BAL 1954 | 19/12/2016 | C-1 | Books |